<An> Endogenous attitude to firm's risk aversion: a model

Saved in:
Bibliographic Details
Main Author: Bauer, Michal
Format: Book Chapter
Language:English
Subjects:
Tags: Add Tag
No Tags, Be the first to tag this record!

MARC

LEADER 00000naa$a2200000$$$4500
001 0065026
005 20231010111911.7
041 0 |a eng 
044 |a CZ 
245 1 0 |a <An> Endogenous attitude to firm's risk aversion: a model  |c Michal Bauer 
610 2 0 |a modely 
610 2 0 |a firmy 
610 2 0 |a riziko podnikateľské 
610 2 0 |a bankrot 
610 2 0 |a financie podnikové 
610 2 0 |a hospodárenie finančné 
100 1 |a Bauer, Michal